| 000 | 00845cam a2200253 4500 | ||
|---|---|---|---|
| 001 | 190532 | ||
| 003 | SpMaBN | ||
| 005 | 20250910215919.0 | ||
| 008 | 210819s1996 sp | ||| ||spa | ||
| 020 | _a84-8191-117-8 | ||
| 080 | _a82-1.01 | ||
| 100 | 1 |
_aGarcía Montero, Luis, _d1958- _954978 |
|
| 245 | 1 | 0 |
_aAguas territoriales / _cLuis García Montero. |
| 260 |
_aValencia : _bPre-Textos, _c[1996] |
||
| 300 |
_a77 p. ; _c22 cm. |
||
| 490 | 1 |
_aColección textos y pretextos ; _v287 |
|
| 650 | 4 |
_aPoética. _916254 |
|
| 830 | 1 |
_aColección textos y pretextos (Pre-textos) _v287 _9193495 |
|
| 852 | 4 |
_aES-MaACL _jA-14740 _9 197710 _bR.151733 _cDEPO1 _dOlim: N-7740 _hDonación: Roberta Quance |
|
| 903 |
_994482 _aQuance, Roberta Ann _ednr |
||
| 942 |
_2udc _cMONOGRAFIA |
||
| 999 |
_c190532 _d190532 |
||